00650 2200193 4500245005700000020001800057250001100075100002300086700001900109650002100128005001900149260004700168041001400215084001000229300002500239500016100264490002200425336000900447 aBudidaya Lobster Air TawarcBambang MarhiyantohText a979-9415-40-3 aCet. 2 aBambang Marhiyanto aTitik Oktia M. aBudidaya Lobster a20241014145746 aSurabayabSurabaya Intellectual Clubc2020 aIndonesia a639.5 aiv, 52 hlm. :cilus. aBuku ini menjelaskan dengan jelas tentang jenis-jenis lobster, cara perkawinan, pembenihan dan pembesarannya, serta dijelaskan pula tentang pembuatan lahan. aSeri Keterampilan atext